|
|
|
|
| LEADER |
00740cam a2200217 7i4500 |
| 001 |
0000001275 |
| 005 |
20170218090000.0 |
| 020 |
|
|
|a 0070103445 (pbk.)
|
| 090 |
0 |
0 |
|a HF1007
|b .C43 1978
|
| 100 |
0 |
|
|a Chacholiades, Miltiades
|
| 245 |
1 |
0 |
|a International trade theory and policy
|c Miltiades Chacholiades ; foreword by Harry G. Johnson.
|
| 250 |
|
|
|a International ed.
|
| 260 |
|
|
|a Auckland:
|b McGraw-Hill Book Company,
|c 1978.
|
| 300 |
|
|
|a xxiii, 614 p.;
|c 21 cm.
|
| 490 |
0 |
|
|a Economic Handbook Series
|
| 650 |
0 |
0 |
|a Commercial policy
|
| 650 |
0 |
0 |
|a International economic relations
|
| 650 |
0 |
0 |
|a Commerce
|
| 700 |
1 |
|
|a Johnson, Harry G
|
| 997 |
|
|
|a Business & Accountancy, Faculty
|
| 999 |
|
|
|a 0000005498
|b BOK
|c OPEN SHELF
|e 1st Floor, Bestari Jaya
|